00780nam a22002057a 450000500170000000800410001702000150005804100080007304400070008108200170008811000520010524501200015726000310027730000560030849000380036450400530040265000500045565000410050565100280054620140311115848.0140311t2001 ck abdogr 00010 spa d a95896972240 aspa ack04a591.77bI62g2 aInstituto de Investigaciones Marinas y Costeras10aGorgona marinabcontribución al conocimiento de una isla únicacInstituto de Investigaciones Marinas y Costeras3 aSanta MartabInvemarc2001 a160 p.bil., fot., mapas, tablas, gráficasc34 cm aSerie Publicaciones Especialesv7 aIncluye bibliografía al final de cada capitulo 4aComunidades marinaszGorgona (Isla, Colombia) 4aEcologíazGorgona (Isla, Colombia) 4aGorgonazIsla, Colombia